Netherlands UEFA Euro 2024 Squad - Statistics

General Stats
  • This quiz has been taken 3,577 times
    3,127 since last reset
  • The average score is 17 of 27
Answer Stats
# Position Player % Correct
4 DF © Virgil van Dijk
98%
15 DF Micky van de Ven
91%
10 FW Memphis Depay
89%
11 FW Cody Gakpo
85%
22 DF Denzel Dumfries
78%
3 DF Matthijs de Ligt
78%
7 FW Xavi Simons
76%
9 FW Wout Weghorst
75%
1 GK Bart Verbruggen
71%
5 DF Nathan Aké
70%
Manager Ronald Koeman
69%
6 DF Stefan de Vrij
69%
12 FW Jeremie Frimpong
67%
17 DF Daley Blind
56%
14 MF Tijjani Reijnders
56%
18 FW Donyell Malen
54%
23 GK Mark Flekken
51%
8 MF Georginio Wijnaldum
47%
24 MF Jerdy Schouten
47%
25 FW Steven Bergwijn
47%
16 MF Joey Veerman
46%
26 MF Ryan Gravenberch
44%
13 GK Justin Bijlow
43%
19 FW Brian Brobbey
42%
20 MF Ian Maatsen
41%
21 FW Joshua Zirkzee
39%
2 DF Lutsharel Geertruida
36%
No matching quizzes found
Score Distribution
Percent of People with Each Score
Percentile by Number Answered
Your Score History
You have not taken this quiz since the last reset